000 00542nam a2200205 a 4500
001 BRCA_4312
005 20190320204625.0
008 250610s1962----nyu#######---#000-0#eng-#
041 _aeng
044 _anyu
050 4 _aPZ3
_b.G37 1962
100 1 _aGardner, Erle Stanley
_d1889-1970
_910568
245 1 0 _aThe Case of the Black-eyed Blonde
_cErle Stanley Gardner.
260 _aNueva York
_bPocket Books
_c1962
300 _a202 p.
_c16 cm.
500 _aCEF108
650 1 4 _aNovelas policĂ­acas
_9877
902 _aGFM
942 _2lcc
_cB
999 _c4023
_d4023